000
002680000a22000970004500
100
1
_a
Monsma, Timothy
245
1
0
_a
Urbanization : Now and at the turn of the millennium
300
_a
Vol 16, Núm 58 (1989), Páginas 28-30
773
0
_t
World Evangelization
942
_c
ANA
999
_c
57906
_d
57906